1582 1051 1735 1483 1900 1899 1801 1041 1595 1227 1669 1175 1272 1563 1348 1716 1053 1794 1104 1433 1378 1573 1578 1243 1135 1613 1707 1315 1799 1828 1614 1076 1311 1455 1145 1419 1219 1703 1607 1972 1417 1547 1371 1102 1741 1315 1474 1021 1261 1199 1364 1931 1610 1381 1580 1960 1936 1121 1369 1476 1154 1464 1183 1413 1963 1852 1229 1910 1416 1056 1643 1994 1524 1886 1339 1002 1152 1121 1953 1780 1145 1241 1414 1215 1442 1826 1289 1663 1934 1706 1910 1766 1174 1398 1421 1042 1810 1943 1434 BCNSPRNW ULIB Ver.6.0+V

เปลี่ยนเป็นภาษาไทย

Change to English
 แสดงรายละเอียดบรรณานุกรม
  กลับหน้าหลัก

Brief Record : Get Marc (ISO 2709) : E-mail record : QR code < ปิดหน้าต่าง
LEADER : 00000nam 2200000uu 4500
001    13399125692
003     ULIB
008    170716s2559||||th 000 0 tha d
020    ^a9786165156554
060  0 ^aWB890^bน779ห
110 1  ^aเนชั่น อินเตอร์เนชั่นเนล เอ็นดูเทนเมนท์
245 00 ^aหยุดป่วยด้วยแพทย์ทางเลือก /^cเนชั่น อินเตอร์เนชั่นเนล เอ็นดูเทนเมนท์
260    ^aกรุงเทพฯ : ^bเนชั่น อินเตอร์เนชั่นเนล เอ็นดูเทนเมนท์,^c2559
300    ^a200 ; ^c21ซม.
650  0 ^aการแพทย์ทางเลือก
710 1  ^aเนชั่น อินเตอร์เนชั่นเนล เอ็นดูเทนเมนท์
945    ^p155^l0^i25264
999    ^aกัณชพร จุลอักษร
รายการนี้ยังไม่มีแท็ก
คุณยังไม่ได้ล็อกอิน คุณสามารถมีกิจกรรมร่วมกับเว็บไซต์ได้ แต่ต้องล็อกอินก่อน ::
  ล็อกอิน

รายการสื่อสารสนเทศ

ลำดับที่ ประเภท เลขเรียก/บาร์โค้ด สถานที่ สถานะ
1. วิทยาศาสตร์การแพทย์ และสุขภาพ
วิทยาศาสตร์การแพทย์ และสุขภาพ
สถานะ=หนังสือเก่า
WB890 น779ห ฉ.1 
  Barcode: 25264
ห้องสมุดวิทยาเขตนครสวรรค์
►ส่วนจัดเก็บหนังสือเก่า นว.
บนชั้น
  ขอยืม

รายการใกล้เคียง
    หัวเรื่อง [การแพทย์ทางเลือก]

BibComment


ยังไม่เคยถูกคอมเมนท์

คอมเมนท์ทรัพยากรรายการนี้
  คอมเมนท์: หยุดป่วยด้วยแพทย..


 Copyright 2026. Bcnsprnw @Library